| 000 | 00864nam a22002297a 4500 | ||
|---|---|---|---|
| 999 |
_c1061 _d1061 |
||
| 003 | AR-CdUCM | ||
| 008 | 190226b ||||| |||| 00| 0 spa d | ||
| 040 |
_aMUNICIPALIDAD PROVINCIAL DEL CUSCO _cBIBLIOTECA MUNICIPAL DEL CUSCO |
||
| 082 |
_a327.9473 / _bM16 |
||
| 100 |
_aMager, N. H. _94146 |
||
| 245 | _aLa conquista sin guerra / | ||
| 260 |
_aMéxico : _bNovaro , _c1964. |
||
| 300 |
_a733 páginas ; _c16 cm. |
||
| 505 | _aAntología analítica de discursos -- entrevistas y comentarios de Nikita Sergeyevich Krushev con acotación de Lennin y Stalin -- En busca del dominio mundial -- La conquista sin guerra... | ||
| 650 |
_aAlemania. _91327 |
||
| 650 |
_aDominio mundial. _94147 |
||
| 650 |
_aPaises subdesarrollados. _94148 |
||
| 650 |
_aPartido comunista. _92203 |
||
| 700 |
_aKatel, Jacques _94149 |
||
| 942 |
_2ddc _cLIBROS |
||
| 945 |
_awfj _d2019-02-26 |
||